000 00311nam a22001337a 4500
008 181004b xxu||||| |||| 00| 0 eng d
020 _a9780130621122
041 _aeng
080 _a330
100 _a52
101 _aeco
245 _aThe Joy Freedomm An Economist Odyssey
_cDavid ,R,H
942 _2udc
_cBK
999 _c48835
_d48835